000 00653nam a2200217 a 4500
999 _c2660
_d2660
007 ta
008 230203t2021 ii a|||g |||| 00| 0 eng d
020 _a9789389867671
_cRs. 319.00
040 _aKO
_beng
041 0 _aeng
044 _aii
082 0 4 _223
_a658.452
_bB8597
100 1 _aBudhale, Prajeet
245 1 0 _aThe Golden Book of Business Presentation Skills
_b: quick and easy tips to make powerful presentations /
_cPrajeet Budhale
260 _aNew Delhi :
_bBloomsbury Publishing India Private Limited ,
_c2021
300 _a117 p. :
_bill. ;
_c22 cm.
650 0 _aBusiness presentations
904 _aA_BOSE
942 _cBK